000 00261nam a22001217a 4500
008 181101b xxu||||| |||| 00| 0 eng d
041 _aeng
080 _a616
100 _a5
101 _aANE
245 _aInteroduction Anesthesia
_cDrips.E
942 _2udc
_cBK
999 _c51450
_d51450